[Event "Bamberg op 2nd"]
[Site "Bamberg"]
[Date "2019.06.02"]
[Round "7"]
[White "Mooser, Stefan"]
[Black "Spitzl, Vinzent"]
[Result "1/2-1/2"]
[WhiteElo "2215"]
[BlackElo "2263"]
[PlyCount "39"]
[EventDate "2019.05.29"]
[EventType "swiss"]
[EventRounds "7"]
[EventCountry "GER"]
[SourceTitle "CBM 190 Extra"]
[Source "ChessBase"]
[SourceDate "2019.07.15"]
[SourceVersion "1"]
[SourceVersionDate "2019.07.15"]
[SourceQuality "1"]

1. d4 d5 2. c4 e6 3. Nf3 Nf6 4. g3 Bb4+ 5. Bd2 Bd6 6. Bg2 0-0 7. 0-0 Nbd7 8. Qc2 c6 9. Rd1 Ne4 10. Be1 f5 11. b4 Qe7 12. b5 dxc4 13. bxc6 Nb6 14. Nbd2 Nxd2 15. Nxd2 bxc6 16. Nxc4 Nxc4 17. Qxc4 Rb8 18. Rab1 Rxb1 19. Rxb1 c5 20. dxc5 1/2-1/2

[Event "Erfurt op 28th"]
[Site "Erfurt"]
[Date "2018.12.29"]
[Round "6"]
[White "Mooser, Stefan"]
[Black "Lagunow, Raphael"]
[Result "0-1"]
[WhiteElo "2255"]
[BlackElo "2409"]
[PlyCount "66"]
[EventDate "2018.12.26"]
[EventType "swiss"]
[EventRounds "8"]
[EventCountry "GER"]
[SourceTitle "CBM 188 Extra"]
[Source "ChessBase"]
[SourceDate "2019.02.26"]
[SourceVersion "1"]
[SourceVersionDate "2019.02.26"]
[SourceQuality "1"]

1. d4 d5 2. c4 e6 3. Nf3 Nf6 4. g3 dxc4 5. Bg2 Bb4+ 6. Bd2 a5 7. 0-0 0-0 8. Qc2 Bxd2 9. Nbxd2 b5 10. b3 cxb3 11. Nxb3 Bb7 12. Rac1 Bd5 13. Nbd2 Na6 14. Qb1 b4 15. e4 Bb7 16. Rfe1 Rc8 17. Nb3 c5 18. Nxc5 Nxc5 19. dxc5 Qe7 20. Qc2 Bxe4 21. Rxe4 Nxe4 22. Qxe4 Rxc5 23. Rxc5 Qxc5 24. Ne5 Rd8 25. Bf3 Qd4 26. Qe2 Qc3 27. Kg2 g6 28. Qb5 a4 29. Nc6 Rd2 30. Nxb4 Qd4 31. Be2 a3 32. Qb8+ Kg7 33. Nc6 Qc5 0-1

[Event "Erfurt op 28th"]
[Site "Erfurt"]
[Date "2018.12.28"]
[Round "4"]
[White "Mooser, Stefan"]
[Black "Lubbe, Melanie"]
[Result "1-0"]
[WhiteElo "2255"]
[BlackElo "2345"]
[PlyCount "102"]
[EventDate "2018.12.26"]
[EventType "swiss"]
[EventRounds "8"]
[EventCountry "GER"]
[SourceTitle "CBM 188 Extra"]
[Source "ChessBase"]
[SourceDate "2019.02.26"]
[SourceVersion "1"]
[SourceVersionDate "2019.02.26"]
[SourceQuality "1"]

1. d4 Nf6 2. Nf3 g6 3. g3 Bg7 4. Bg2 0-0 5. 0-0 d6 6. c4 c6 7. Nc3 Qb6 8. e3 Qa6 9. Qe2 Be6 10. b3 d5 11. cxd5 Nxd5 12. Qxa6 Nxa6 13. Nxd5 Bxd5 14. Ba3 Rfe8 15. Rac1 Nc7 16. Nd2 Bxg2 17. Kxg2 Kf8 18. Nc4 Red8 19. Na5 Nb5 20. Bb4 Rd7 21. Rc2 f5 22. Rfc1 Kf7 23. a4 Nd6 24. Bxd6 exd6 25. b4 Bf6 26. Kf3 Bd8 27. Nc4 Ke6 28. Ke2 g5 29. f3 Bf6 30. b5 cxb5 31. axb5 Re8 32. Kd3 d5 33. Na5 Kd6 34. Rc8 Bd8 35. Rb8 Ree7 36. Nxb7+ Rxb7 37. Rxd8+ Red7 38. Rc6+ Ke7 39. Rh8 Rxb5 40. Rxh7+ Kd8 41. Rh8+ Ke7 42. Rg6 Rb3+ 43. Ke2 Rb2+ 44. Kd3 Rb3+ 45. Kd2 f4 46. Rxg5 fxe3+ 47. Ke2 Kf6 48. h4 Rb2+ 49. Kxe3 Re7+ 50. Kf4 Ree2 51. Rh6+ Kf7 1-0

[Event "Erfurt op 28th"]
[Site "Erfurt"]
[Date "2018.12.26"]
[Round "1"]
[White "Skibbe, Diana"]
[Black "Mooser, Stefan"]
[Result "0-1"]
[WhiteElo "2035"]
[BlackElo "2255"]
[PlyCount "91"]
[EventDate "2018.12.26"]
[EventType "swiss"]
[EventRounds "8"]
[EventCountry "GER"]
[SourceTitle "CBM 188 Extra"]
[Source "ChessBase"]
[SourceDate "2019.02.26"]
[SourceVersion "1"]
[SourceVersionDate "2019.02.26"]
[SourceQuality "1"]

1. e4 c5 2. Nf3 e6 3. d4 cxd4 4. Nxd4 Nc6 5. c4 Nf6 6. Nc3 Bb4 7. Nxc6 bxc6 8. Bd3 e5 9. 0-0 Bc5 10. a3 a5 11. Na4 Bd4 12. Rb1 0-0 13. Bd2 d5 14. c5 dxe4 15. Bc4 Bg4 16. Qc2 Bf5 17. Be3 Ng4 18. Rbe1 Qe7 19. h3 Nf6 20. f4 Bxe3+ 21. Rxe3 exf4 22. Rxf4 Qe5 23. Rf2 Bg6 24. Nb6 Rad8 25. b4 axb4 26. axb4 Nd5 27. Bxd5 cxd5 28. Qa4 d4 29. Re1 e3 30. Rfe2 d3 31. Rxe3 Qd4 32. b5 d2 33. Qxd4 dxe1Q+ 34. Rxe1 Rxd4 35. c6 Bf5 36. Ra1 Rb4 37. Ra5 Be6 38. Na4 Rc8 39. Nb6 Re8 40. Na4 Rc4 41. Nb6 Rc2 42. Na8 Bd5 43. Ra1 Bxc6 44. Nc7 Rc8 45. bxc6 Rxc6 46. Nd5 0-1

[Event "GER-chT Betriebe 15th"]
[Site "Munich"]
[Date "2015.10.23"]
[Round "4.1"]
[White "Koscielski, Janusch"]
[Black "Mooser, Stefan"]
[Result "1-0"]
[WhiteElo "2376"]
[BlackElo "2148"]
[PlyCount "68"]
[EventDate "2015.10.22"]
[EventType "team-swiss"]
[EventRounds "7"]
[EventCountry "GER"]
[SourceTitle "EXT 2020"]
[Source "ChessBase"]
[SourceDate "2019.10.17"]
[SourceVersion "1"]
[SourceVersionDate "2019.10.17"]
[SourceQuality "1"]
[WhiteTeam "Herne Wanne Eickel EKJ"]
[BlackTeam "Muenchen Flughafen"]
[WhiteTeamCountry "GER"]
[BlackTeamCountry "GER"]

1. e4 c5 2. Nf3 e6 3. d4 cxd4 4. Nxd4 Nc6 5. Nc3 Qc7 6. Nxc6 dxc6 7. f4 e5 8. f5 Nf6 9. Qf3 Qb6 10. Bc4 Qd4 11. Bd3 Bc5 12. Bd2 h5 13. h3 Bd7 14. 0-0-0 Qf2 15. Na4 Qxf3 16. gxf3 Bd4 17. c3 Bf2 18. Rhf1 Bg3 19. Nc5 0-0-0 20. Bc4 Rdf8 21. Bg5 Be8 22. Kc2 b6 23. Nb3 h4 24. Rd2 Rh5 25. Bxf6 gxf6 26. Rfd1 Kb7 27. Rd8 Rhh8 28. a4 Bf2 29. a5 b5 30. a6+ Kc7 31. Be2 Bb6 32. c4 bxc4 33. Bxc4 c5 34. R1d6 Rh6 1-0

[Event "Landesliga Sued 1314"]
[Site "Bayern"]
[Date "2014.02.09"]
[Round "6.2"]
[White "Mooser, Stefan"]
[Black "Havlik, Jan"]
[Result "0-1"]
[WhiteElo "2206"]
[BlackElo "2323"]
[PlyCount "80"]
[EventDate "2013.10.13"]
[EventType "team-tourn"]
[EventRounds "9"]
[EventCountry "GER"]
[SourceTitle "EXT 2015"]
[Source "ChessBase"]
[SourceDate "2014.11.20"]
[SourceVersion "1"]
[SourceVersionDate "2014.11.20"]
[SourceQuality "1"]
[WhiteTeam "Unterhaching"]
[BlackTeam "Roehrnbach"]
[WhiteTeamCountry "GER"]
[BlackTeamCountry "GER"]

1. d4 Nf6 2. Nf3 g6 3. g3 Bg7 4. Bg2 0-0 5. 0-0 d6 6. c4 Nc6 7. Nc3 e5 8. dxe5 dxe5 9. Be3 Be6 10. Qa4 Nd7 11. Rfd1 Qc8 12. Nd5 Nb6 13. Qb3 Re8 14. Rac1 Na5 15. Qb5 Nbxc4 16. Qc5 Bxd5 17. Qxd5 c6 18. Qe4 f5 19. Qc2 e4 20. Nd4 c5 21. Nb3 Nxe3 22. fxe3 Nxb3 23. Qxb3+ Kh8 24. Qf7 Rd8 25. Rxd8+ Qxd8 26. Rxc5 Bd4 27. Rd5 Bxe3+ 28. Kh1 Qf8 29. Qxf8+ Rxf8 30. g4 fxg4 31. Re5 Rf2 32. Rxe4 Rxe2 33. Bf1 Re1 34. Kg2 h5 35. Re7 g5 36. a4 h4 37. h3 gxh3+ 38. Kxh3 Rxf1 39. Rxe3 Kg7 40. Kg4 Kg6 0-1

[Event "Landesliga Sued 1314"]
[Site "Bayern"]
[Date "2013.11.10"]
[Round "2.2"]
[White "Mooser, Stefan"]
[Black "Kukov, Velislav"]
[Result "0-1"]
[WhiteElo "2206"]
[BlackElo "2414"]
[PlyCount "100"]
[EventDate "2013.10.13"]
[EventType "team-tourn"]
[EventRounds "9"]
[EventCountry "GER"]
[SourceTitle "EXT 2015"]
[Source "ChessBase"]
[SourceDate "2014.11.20"]
[SourceVersion "1"]
[SourceVersionDate "2014.11.20"]
[SourceQuality "1"]
[WhiteTeam "Unterhaching"]
[BlackTeam "Goeggingen"]
[WhiteTeamCountry "GER"]
[BlackTeamCountry "GER"]

1. d4 e6 2. Nf3 f5 3. g3 Nf6 4. Bg2 Be7 5. 0-0 0-0 6. Nbd2 c6 7. c3 d5 8. Ne5 Nbd7 9. Ndf3 Ne4 10. Nxd7 Bxd7 11. Ne5 Be8 12. Qb3 b5 13. f3 Nd6 14. Nd3 Nc4 15. Qc2 a5 16. b3 Nb6 17. Bf4 g5 18. Be5 Nd7 19. f4 Qb6 20. e3 Rc8 21. c4 Bh5 22. c5 Qd8 23. b4 Nxe5 24. Nxe5 a4 25. Bf3 Bxf3 26. Rxf3 Bf6 27. Nd3 h6 28. Rff1 Rc7 29. Qe2 Qe8 30. Rad1 Rh7 31. Kf2 Qg6 32. Ke1 g4 33. Kd2 h5 34. h4 gxh3 35. Rh1 h4 36. gxh4 Rxh4 37. Rdg1 Rg4 38. Rxg4 fxg4 39. Nf2 g3 40. Nxh3 Kf7 41. Rg1 Rh8 42. Qg2 Qf5 43. Rh1 Qe4 44. Qg1 Ke7 45. f5 exf5 46. Qxg3 Qxh1 47. Qc7+ Kf8 48. Qc8+ Kf7 49. Qd7+ Kg6 50. Nf4+ Kg5 0-1

[Event "Landesliga Sued 1213"]
[Site "Bayern"]
[Date "2012.12.09"]
[Round "4.2"]
[White "Mooser, Stefan"]
[Black "Kostic, Vladimir G"]
[Result "1/2-1/2"]
[WhiteElo "2208"]
[BlackElo "2403"]
[PlyCount "77"]
[EventDate "2012.10.14"]
[EventType "team-tourn"]
[EventRounds "9"]
[EventCountry "GER"]
[SourceTitle "EXT 2015"]
[Source "ChessBase"]
[SourceDate "2014.11.20"]
[SourceVersion "1"]
[SourceVersionDate "2014.11.20"]
[SourceQuality "1"]
[WhiteTeam "Unterhaching"]
[BlackTeam "Muenchen Suedost"]
[WhiteTeamCountry "GER"]
[BlackTeamCountry "GER"]

1. e4 c5 2. Nf3 Nc6 3. d4 cxd4 4. Nxd4 Nf6 5. Nc3 e5 6. Ndb5 d6 7. Bg5 a6 8. Na3 b5 9. Nd5 Be7 10. Bxf6 Bxf6 11. c3 0-0 12. Nc2 Bg5 13. a4 bxa4 14. Rxa4 a5 15. Bb5 Bb7 16. Nce3 Bxe3 17. Nxe3 Ne7 18. 0-0 Rb8 19. Qd3 Qb6 20. c4 Rfd8 21. Rfa1 Ra8 22. Nd5 Nxd5 23. exd5 Rdb8 24. Qd2 g6 25. Rxa5 Rxa5 26. Rxa5 Kg7 27. b4 Qd8 28. h3 Qc8 29. Ra1 Qf5 30. Rc1 Qe4 31. Re1 Qh4 32. Qe2 Qd4 33. Qe3 Bxd5 34. Qxd4 exd4 35. Rd1 Ba8 36. Rxd4 d5 37. Rd2 dxc4 38. Bxc4 Rxb4 39. Bd5 1/2-1/2

[Event "Landesliga Sued 1213"]
[Site "Bayern"]
[Date "2012.10.14"]
[Round "1.2"]
[White "Deglmann, Ludwig"]
[Black "Mooser, Stefan"]
[Result "1/2-1/2"]
[WhiteElo "2321"]
[BlackElo "2208"]
[PlyCount "36"]
[EventDate "2012.10.14"]
[EventType "team-tourn"]
[EventRounds "9"]
[EventCountry "GER"]
[SourceTitle "EXT 2015"]
[Source "ChessBase"]
[SourceDate "2014.11.20"]
[SourceVersion "1"]
[SourceVersionDate "2014.11.20"]
[SourceQuality "1"]
[WhiteTeam "Weilheim"]
[BlackTeam "Unterhaching"]
[WhiteTeamCountry "GER"]
[BlackTeamCountry "GER"]

1. c4 c6 2. Nf3 d5 3. e3 Nf6 4. Nc3 e6 5. b3 Nbd7 6. Bb2 Bd6 7. Qc2 Qc7 8. Be2 e5 9. cxd5 Nxd5 10. a3 N7f6 11. d3 0-0 12. Ne4 Nxe4 13. dxe4 Nb6 14. Nd2 Be6 15. 0-0 f6 16. Nc4 Nxc4 17. Bxc4 Bxc4 18. Qxc4+ Qf7 1/2-1/2

[Event "Regionalliga SO 0203"]
[Site "Bayern"]
[Date "2002.10.20"]
[Round "1.2"]
[White "Mooser, Stefan"]
[Black "Haas, Josef"]
[Result "1-0"]
[WhiteElo "2194"]
[BlackElo "2038"]
[PlyCount "45"]
[EventDate "2002.10.20"]
[EventType "team"]
[EventRounds "9"]
[EventCountry "GER"]
[SourceTitle "EXT 2004"]
[Source "ChessBase"]
[SourceDate "2003.11.25"]
[SourceVersion "1"]
[SourceVersionDate "2003.11.25"]
[SourceQuality "1"]
[WhiteTeam "Dorfen"]
[BlackTeam "Vogtareuth"]
[WhiteTeamCountry "GER"]
[BlackTeamCountry "GER"]

1. e4 c6 2. c4 d5 3. exd5 Nf6 4. d4 cxd5 5. Nc3 e6 6. Nf3 Bb4 7. Bd3 dxc4 8. Bxc4 0-0 9. 0-0 Bd7 10. Qb3 Be7 11. d5 exd5 12. Nxd5 Bc6 13. Nxe7+ Qxe7 14. Re1 Qc5 15. Ne5 Bd5 16. Be3 Qa5 17. Rad1 Bxc4 18. Nxc4 Qc7 19. Nd6 Nbd7 20. Bf4 Nb6 21. Be5 Rad8 22. Ne8 Rxd1 23. Nxf6+ 1-0

[Event "Regionalliga SO 0102"]
[Site "Bayern"]
[Date "2002.04.14"]
[Round "8.1"]
[White "Scheipl, Ralf"]
[Black "Mooser, Stefan"]
[Result "1/2-1/2"]
[WhiteElo "2290"]
[BlackElo "2225"]
[PlyCount "76"]
[EventDate "2001.10.07"]
[EventType "team"]
[EventRounds "9"]
[EventCountry "GER"]
[SourceTitle "EXT 2003"]
[Source "ChessBase"]
[SourceDate "2002.11.25"]
[SourceVersion "1"]
[SourceVersionDate "2002.11.25"]
[SourceQuality "1"]
[WhiteTeam "Straubing"]
[BlackTeam "Dorfen"]
[WhiteTeamCountry "GER"]
[BlackTeamCountry "GER"]

1. e4 c5 2. c3 d5 3. exd5 Qxd5 4. d4 Nf6 5. Nf3 Bg4 6. Be2 e6 7. h3 Bh5 8. 0-0 Be7 9. Be3 cxd4 10. cxd4 Nc6 11. Nc3 Qd6 12. Qb3 0-0 13. Rac1 Qb4 14. Qxb4 Nxb4 15. g4 Bg6 16. Ne5 Rac8 17. h4 Nbd5 18. h5 Nxc3 19. bxc3 Be4 20. f3 Bc6 21. c4 Rfd8 22. Rb1 b6 23. Nxc6 Rxc6 24. Rfd1 h6 25. Rb5 Ne8 26. c5 Nc7 27. Rbb1 bxc5 28. dxc5 Nd5 29. Rb7 Bxc5 30. Bxc5 Rxc5 31. Rxa7 Rb8 32. Rd2 Nc3 33. Kf2 Nxe2 34. Kxe2 Rg5 35. a4 f5 36. Rdd7 fxg4 37. f4 Rxh5 38. Rxg7+ Kh8 1/2-1/2

[Event "Regionalliga SO 0102"]
[Site "Bayern"]
[Date "2002.02.03"]
[Round "5.2"]
[White "Klundt, Klaus"]
[Black "Mooser, Stefan"]
[Result "1/2-1/2"]
[WhiteElo "2340"]
[BlackElo "2225"]
[PlyCount "39"]
[EventDate "2001.10.07"]
[EventType "team"]
[EventRounds "9"]
[EventCountry "GER"]
[SourceTitle "EXT 2003"]
[Source "ChessBase"]
[SourceDate "2002.11.25"]
[SourceVersion "1"]
[SourceVersionDate "2002.11.25"]
[SourceQuality "1"]
[WhiteTeam "Tegernsee II"]
[BlackTeam "Dorfen"]
[WhiteTeamCountry "GER"]
[BlackTeamCountry "GER"]

1. e4 c5 2. Nf3 e6 3. d4 cxd4 4. Nxd4 Nf6 5. Nc3 d6 6. f4 Nc6 7. Be3 e5 8. Nxc6 bxc6 9. Be2 exf4 10. Bxf4 Qc7 11. Qd4 Nd7 12. 0-0-0 Ne5 13. Nb5 cxb5 14. Bxe5 dxe5 15. Bxb5+ Ke7 16. Qb4+ Kf6 17. Rhf1+ Kg6 18. Qb3 Be6 19. Qg3+ Kh6 20. Qe3+ 1/2-1/2